000 00510nam a2200169Ia 4500
999 _c27851
_d27851
003 OSt
005 20210101150555.0
008 190216s9999||||xx |||||||||||||| ||und||
040 _coclc
082 _a894.812
_bVEN/P
100 _aVenugopalan, T
_98089
245 0 _aPrabashakande Vimarshana Sahithyam /
_cT Venugopalan
260 _bVagbhava Publications,
_aKozhikode:
_c1995.
300 _a116p
650 _aSahithya Vimarshanam
942 _cBK
_2ddc
_h894.812
_iVEN/P
_k894.812
_mVEN/P